000 01807cam a2200373 a 4500
999 _c25386
_d25386
001 13371587
003 BDDh-ASL
005 20231015030502.0
008 030122s2002 ii b 001 0 eng
010 _a 2003306308
_z 2003271253
_z 2003271253
020 _a0195656407
025 _aI-E-2003-306308; 61-92
035 _a(DLC) 2003306308
037 _bLibrary of Congress -- New Delhi Overseas Office
_cRs495.00
040 _aDLC
_cDLC
_dDLC
_dBDDh-ASL
042 _alcode
043 _aa-ii---
050 0 0 _aDS463
_b.E34 2002
082 _a954
_bEIG
245 0 4 _aThe eighteenth century in India /
_cedited by Seema Alavi.
246 3 _a18th century in India
260 _aNew Delhi :
_bOxford University Press,
_c2002.
300 _a261 p. :
_c22 cm.
440 0 _aOxford in India readings.
_pDebates in Indian history and society
504 _aIncludes bibliographical references and index.
505 0 _aThe eighteenth century in Indian economic history / Irfan Habib -- Aspects of agrarian uprising in North India in the early eighteenth century / Muzaffar Alam -- Economic and political expansion : the case of Awadh / P.J. Marshall -- Trade and politics in eighteenth-century Bengal / Om Prakash -- Epilogue to the Indian edition / C.A. Bayly -- Merchants and the rise of colonialism / Prasannan Parthasarathi -- The initial British impact on India : a case study of the Banaras region / Bernard S. Cohn.
520 _aContributed articles.
651 0 _aIndia
_xHistory
_y18th century.
700 1 _aAlavi, Seema.
856 4 2 _3Publisher description
_uhttp://www.loc.gov/catdir/enhancements/fy0615/2003306308-d.html
906 _a7
_bcbc
_corigode
_d2
_encip
_f20
_gy-gencatlg
942 _2ddc
_cBK